| 000 | 00635nam a2200181 i 4500 | ||
|---|---|---|---|
| 001 | 102072 | ||
| 003 | ES-MaACL | ||
| 005 | 20230906183035.0 | ||
| 007 | t| | ||
| 008 | 051103s1924 sp ||||1| spa d | ||
| 080 | _a336.722(460.27 M.)(055.5) | ||
| 110 | 2 |
_aMonte de Piedad y Caja de Ahorros de Madrid. _95765 |
|
| 245 | 1 | 0 |
_aMemoria y cuenta general correspondiente al año 1923 / _cMonte de Piedad y Caja de Ahorros de Madrid. |
| 260 |
_aMadrid : _bV.H. Sanz Calleja, _c1924. |
||
| 300 |
_a100 p. ; _c25 cm. |
||
| 610 | 2 |
_aMonte de Piedad y Caja de Ahorros de Madrid- _vMemorias. _9144680 |
|
| 852 |
_aES-MaACL _j1671-F-19 _bR.4349 |
||
| 999 |
_c102072 _d102072 |
||